| 000 | 00556nam a2200169Ia 4500 | ||
|---|---|---|---|
| 008 | 231221s9999 xx 000 0 und d | ||
| 041 | _aEnglish | ||
| 082 | _a371.33 PAD1;1 R | ||
| 100 | _aPadmaprasad, S P | ||
| 245 | 0 | _aShikshanadalli mahithi and samvahana tantragnana : Bangalore V.V Bed taragathiya pattyanngunavagi | |
| 250 | _a1st ed. | ||
| 260 |
_c2004 _bSumuka _aBangalore |
||
| 300 | _a112 | ||
| 500 | _aTransfered to SSM School | ||
| 650 | _aShikshanadalli,mahithri,samvahana,tantragnana,:,V.V,taragathiya,pattyanngunavagi | ||
| 942 | _cED | ||
| 999 |
_c206813 _d206813 |
||